000
00299nam a22001337a 4500
008
171030b xxu||||| |||| 00| 0 eng d
020
_a
9780070423480
041
_a
eng
080
_2
3RD
_a
336
100
_a
56
101
_a
FIN
245
_a
MODERN MONEY AND BANKING
_c
MILLER,R.L
942
_2
udc
_c
BK
999
_c
36364
_d
36364